Random Countries by Second Largest City - Statistics

General Stats
  • This quiz has been taken 46 times
  • The average score is 9 of 20
Answer Stats
Hint Answer % Correct
Yaoundé Cameroon
100%
Bimbo Central African Republic
100%
Puente Alto Chile
100%
Lubumbashi Democratic Republic of the Congo
100%
Aarhus Denmark
100%
Alexandria Egypt
100%
Santa Ana El Salvador
100%
Malabo Equatorial Guinea
100%
Tartu Estonia
100%
Thessaloniki Greece
100%
San Pedro Sula Honduras
100%
Kópavogur Iceland
100%
Delhi India
100%
Tel Aviv Israel
100%
Yokohama Japan
100%
Prizren Kosovo
100%
Osh Kyrgyzstan
100%
Blantyre Malawi
100%
Nouadhibou Mauritania
100%
Rotterdam Netherlands
100%
Lae Papua New Guinea
100%
Barcelona Spain
100%
Gothenburg Sweden
100%
Taichung Taiwan
100%
Sfax Tunisia
100%
Kharkiv Ukraine
100%
Abu Dhabi United Arab Emirates
100%
Birmingham United Kingdom
100%
Francistown Botswana
50%
Kuala Belait Brunei
50%
Spanish Town Jamaica
50%
Bo Sierra Leone
50%
Maribor Slovenia
33%
Khujand Tajikistan
33%
Kandahar Afghanistan
0%
Durrës Albania
0%
Oran Algeria
0%
Escaldes-Engordamy Andorra
0%
Huambo Angola
0%
All Saints Antigua and Barbuda
0%
Córdoba Argentina
0%
Gyumri Armenia
0%
Melbourne Australia
0%
Graz Austria
0%
Ganja Azerbaijan
0%
Freeport Bahamas
0%
Riffa Bahrain
0%
Chittagong Bangladesh
0%
Speightstown Barbados
0%
Gomel Belarus
0%
Antwerp Belgium
0%
San Ignacio Belize
0%
Abomey-Calavi Benin
0%
Phuntsholing Bhutan
0%
El Alto Bolivia
0%
Banja Luka Bosnia and Herzegovina
0%
Rio de Janeiro Brazil
0%
Plovdiv Bulgaria
0%
Bobo-Dioulasso Burkina Faso
0%
Muyinga Burundi
0%
Siem Reap Cambodia
0%
Montreal Canada
0%
Mindelo Cape Verde
0%
Moundou Chad
0%
Beijing China
0%
Medellín Colombia
0%
Mutsamudu Comoros
0%
Alajuela Costa Rica
0%
Bouaké Côte d'Ivoire
0%
Split Croatia
0%
Santiago de Cuba Cuba
0%
Limassol Cyprus
0%
Brno Czech Republic
0%
Ali Sabieh Djibouti
0%
Portsmouth Dominica
0%
Santiago de los Caballeros Dominican Republic
0%
Dare East Timor
0%
Quito Ecuador
0%
Keren Eritrea
0%
Mbabane Eswatini
0%
Dire Dawa Ethiopia
0%
Palikir Federated States of Micronesia
0%
Suva Fiji
0%
Espoo Finland
0%
Marseille France
0%
Port-Gentil Gabon
0%
Brikama Gambia
0%
Batumi Georgia
0%
Hamburg Germany
0%
Berlin Germany
0%
Kumasi Ghana
0%
Gouyave Grenada
0%
Quetzaltenango Guatemala
0%
Nzérékoré Guinea
0%
Gabú Guinea Bissau
0%
Linden Guyana
0%
Gonaïves Haiti
0%
Debrecen Hungary
0%
Surabaya Indonesia
0%
Mashhad Iran
0%
Basra Iraq
0%
Cok Ireland
0%
Milan Italy
0%
Zarqa Jordan
0%
Nur-Sultan Kazakhstan
0%
Mombasa Kenya
0%
Bairiki Kiribati
0%
Al Jahra Kuwait
0%
Pakxe Laos
0%
Daugavpils Latvia
0%
Tripoli Lebanon
0%
Teyateyaneng Lesotho
0%
Ganta Liberia
0%
Benghazi Libya
0%
Vaduz Liechtenstein
0%
Kaunas Lithuania
0%
Esch-sur-Alzette Luxembourg
0%
Toamasina Madagascar
0%
George Town Malaysia
0%
Addu City Maldives
0%
Sikasso Mali
0%
Rita Marshall Islands
0%
Beau Bassin-Rose Hill Mauritius
0%
Ecatepec Mexico
0%
Tiraspol Moldova
0%
La Condamine Monaco
0%
Erdenet Mongolia
0%
Nikšić Montenegro
0%
Fez Morocco
0%
Matola Mozambique
0%
Mandalay Myanmar
0%
Rundu Namibia
0%
Denigomudo Nauru
0%
Pokhara Nepal
0%
Christchurch New Zealand
0%
León Nicaragua
0%
Zinder Niger
0%
Kano Nigeria
0%
Hamhung North Korea
0%
Bitola North Macedonia
0%
Bergen Norway
0%
Seeb Oman
0%
Lahore Pakistan
0%
Airai Palau
0%
San Miguelito District Panama
0%
Ciudad del Este Paraguay
0%
Arequipa Peru
0%
Manila Philippines
0%
Kraków Poland
0%
Vila Nova de Gaia Portugal
0%
Al Rayyan Qatar
0%
Pointe-Noire Republic of the Congo
0%
Iași Romania
0%
Saint Petersburg Russia
0%
Butare Rwanda
0%
Charlestown Saint Kitts and Nevis
0%
Gros Islet Saint Lucia
0%
Georgetown Saint Vincent and the Grenadines
0%
Vaitele Samoa
0%
Borgo Maggiore San Marino
0%
Trinidade São Tomé and Principe
0%
Jeddah Saudi Arabia
0%
Touba Senegal
0%
Novi Sad Serbia
0%
Anse Boileau Seychelles
0%
Košice Slovakia
0%
Gizo Solomon Islands
0%
Hargeisa Somalia
0%
Durban South Africa
0%
Busan South Korea
0%
Yei South Sudan
0%
Dehiwala-Mount Lavinia Sri Lanka
0%
Khartoum Sudan
0%
Lelydorp Suriname
0%
Geneva Switzerland
0%
Aleppo Syria
0%
Mwanza Tanzania
0%
Nonthaburi Thailand
0%
Sokodé Togo
0%
Neiafu Tonga
0%
San Fernando Trinidad and Tobago
0%
Ankara Turkey
0%
Türkmenabat Turkmenistan
0%
Asau Tuvalu
0%
Nansana Uganda
0%
Los Angeles United States of America
0%
Salto Uruguay
0%
Namangan Uzbekistan
0%
Luganville Vanuatu
0%
Maracaibo Venezuela
0%
Hanoi Vietnam
0%
Aden Yemen
0%
Kitwe Zambia
0%
Bulawayo Zimbabwe
0%
No matching quizzes found
Score Distribution
Percent of People with Each Score
Percentile by Number Answered
Your Score History
You have not taken this quiz